000 00760cam a2200229 a 4500
001 2995325
005 20180313101122.0
008 930216s1993 enka b 001 0 eng
010 _a 93007087
020 _a0471939900 (cloth)
040 _aDLC
_cDLC
_dDLC
041 _aeng
080 _a658.4012 HEN
082 0 0 _a658.4012 HEN
_220
100 _a54
101 _aLID
245 0 0 _aStrategic thinking :
_cedited by John Hendry and Gerry Johnson with Julia Newton.
504 _aIncludes bibliographical references and index.
906 _a7
_bcbc
_corignew
_d1
_eocip
_f19
_gy-gencatlg
942 _2ddc
_cBK
999 _c44925
_d44925